Historia del Instituto Rafael Ariztía: cien años de presencia marista en Quillota, 1914-2014

-д хадгалсан:
Номзүйн дэлгэрэнгүй
Үндсэн зохиолчид: Silva Bijit, Roberto (Зохиогч), Núñez Mercado, Miguel (Зохиогч)
Формат: Ном
Хэл сонгох:испани
Хэвлэсэн: Quillota, Chile Editorial el Observador 2014
Нөхцлүүд:
Шошгууд: Шошго нэмэх
Шошго байхгүй, Энэхүү баримтыг шошголох эхний хүн болох!

MARC

LEADER 00000cam a2200000 a 4500
001 UCD7015
003 CL-VaPUC
005 20210804001442.0
008 170303e20141100cl |||||||||||||||||spa|d
999 |c 367182  |d 367180 
020 |a 9789568918019 
040 |c Pontificia Universidad Católica de Valparaíso 
082 0 4 |a 983.252 SIL 2014  |2 21 
100 0 |a Silva Bijit, Roberto  |e author  |9 590948 
245 1 0 |a Historia del Instituto Rafael Ariztía:  |b  cien años de presencia marista en Quillota, 1914-2014 
260 |a Quillota, Chile  |b Editorial el Observador  |c 2014 
300 |a 248 páginas 
583 |a last modification  |c 20181010 02:44:57  |k Rodrigo Vera 
600 0 7 |a ARIZTIA LYON, RAFAEL  |2 CL-VaPUC  |9 307930 
610 |a INSTITUTO RAFAEL ARIZTIA  |9 814257 
650 7 |a HISTORIA DE QUILLOTA  |2 CL-VaPUC  |9 590950 
650 0 |a Ciudades  |z QUILLOTA  |9 265474 
650 7 |a CENTROS EDUCACIONALES  |2 CL-VaPUC  |9 590951  |z QUILLOTA 
700 0 |a Núñez Mercado, Miguel  |e author  |9 590949 
942 |c BK  |2 ddc 
945 |d 20170303 17:35:00  |a arojas 
952 |0 0  |1 0  |2 ddc  |3 erb  |4 0  |6 983_252000000000000_SIL_2014  |7 0  |8 A  |9 481875  |a BIBAGR  |b BIBAGR  |i 5361605  |o 983.252 SIL 2014  |p 5361605  |r 2025-01-20  |t 2  |w 2019-11-24  |y BK  |z Catalogado en:20170303  |k AGR 
952 |0 0  |1 0  |2 ddc  |3 erb  |4 0  |6 983_252000000000000_SIL_2014  |7 0  |8 X  |9 481876  |a FDOBUD  |b FDOBUD  |i 5500796  |o 983.252 SIL 2014  |p 5500796  |r 2019-11-24  |t 1  |w 2019-11-24  |y BK_X  |z Catalogado en:20180927  |k BUD 
952 |0 0  |1 0  |2 ddc  |4 0  |6 983_252000000000000_SIL_2014  |7 0  |8 A  |9 499367  |a BIBHIS  |b BIBHIS  |d 2020-01-21  |i 5615674  |o 983.252 SIL 2014  |p 5615674  |r 2025-01-20  |t 3  |w 2020-01-21  |y BK  |k HIS